Statistics for Every Chance the Rapper song that hit the Billboard hot 100

Click here to take the quiz!

General Stats

  • This quiz has been taken 26 times
  • The average score is 2 of 5

Answer Stats

Peak Chart PositionYearSong% Correct
432016No Problem
95%
12017I'm The One
57%
932016Blessings
38%
412013Confident
10%
912015Baby Blue
10%

Score Distribution

Percentile by Number Answered

Percent of People with Each Score

Your Score History

You have not taken this quiz